LEADER 05400nam 22007095 450 001 9910299898303321 005 20200706211425.0 010 $a981-10-7410-0 024 7 $a10.1007/978-981-10-7410-3 035 $a(CKB)4100000001381556 035 $a(DE-He213)978-981-10-7410-3 035 $a(MiAaPQ)EBC5191560 035 $a(PPN)222226625 035 $a(EXLCZ)994100000001381556 100 $a20171212d2018 u| 0 101 0 $aeng 135 $aurnn#008mamaa 181 $ctxt$2rdacontent 182 $cc$2rdamedia 183 $acr$2rdacarrier 200 10$aModeling and Simulation of Turbulent Combustion /$fedited by Santanu De, Avinash Kumar Agarwal, Swetaprovo Chaudhuri, Swarnendu Sen 205 $a1st ed. 2018. 210 1$aSingapore :$cSpringer Singapore :$cImprint: Springer,$d2018. 215 $a1 online resource (XVIII, 661 p. 225 illus., 135 illus. in color.) 225 1 $aEnergy, Environment, and Sustainability,$x2522-8366 311 $a981-10-7409-7 320 $aIncludes bibliographical references at the end of each chapters and index. 327 $a1. Tentative Title of the Chapters -- 2. Fundamentals and modelling of Turbulence ? Chemistry Interactions -- 3. Development of reaction mechanisms for combustion simulations -- 4. Optimization and reduction of chemical kinetics -- 5. Turbulent Combustion simulations with HPC -- 6. Direct Numerical Simulations of Turbulent Combustion -- 7. RANS of premixed turbulent flames -- 8. Large eddy simulations of turbulent premixed combustion -- 9. Modelling of Turbulent Premixed Flames using Flamelet-Generated Manifolds -- 10. Modelling of Turbulent Premixed Flames using Conditional Moment Closure -- 11. Direct Numerical Simulations of premixed turbulent combustion: Relevance and applications to engineering computational analyses -- 12. Conditional Moment Closure Methods for Turbulent Non-Premixed Combustion -- 13. Direct Numerical Simulations of autoignition in turbulent non-premixed flames -- 14. Soot modelling in hydrocarbon flames: assessment of semi-empirical models and method of moments -- 15. Transported PDF method for MILD combustion -- 16. Large eddy simulation of nonpremixed flames using filtered mass density function approach -- 17.Multiple Mapping Conditioning Approach -- 18. Characterization of turbulent combustion systems using dynamical systems theory -- 19. Modeling of soot formation in a kerosene spray flame -- 20. Modeling and Simulations of  Turbulent Stratified Flames -- 21. Recent Progress in Turbulent Combustion Modeling of Spray Flames using Flamelet Models -- 22. Numerical simulation of turbulent combustion in internal combustion engines -- 23. On the Theory and Modelling of Flame Acceleration and Deflagration-to-Detonation Transition -- 24. Combustion in supersonic flows and scramjet combustion simulation.  . 330 $aThis book presents a comprehensive review of state-of-the-art models for turbulent combustion, with special emphasis on the theory, development and applications of combustion models in practical combustion systems. It simplifies the complex multi-scale and nonlinear interaction between chemistry and turbulence to allow a broader audience to understand the modeling and numerical simulations of turbulent combustion, which remains at the forefront of research due to its industrial relevance. Further, the book provides a holistic view by covering a diverse range of basic and advanced topics?from the fundamentals of turbulence?chemistry interactions, role of high-performance computing in combustion simulations, and optimization and reduction techniques for chemical kinetics, to state-of-the-art modeling strategies for turbulent premixed and nonpremixed combustion and their applications in engineering contexts.  . 410 0$aEnergy, Environment, and Sustainability,$x2522-8366 606 $aThermodynamics 606 $aHeat engineering 606 $aHeat$xTransmission 606 $aMass transfer 606 $aFluid mechanics 606 $aEngines 606 $aMachinery 606 $aEngineering Thermodynamics, Heat and Mass Transfer$3https://scigraph.springernature.com/ontologies/product-market-codes/T14000 606 $aEngineering Fluid Dynamics$3https://scigraph.springernature.com/ontologies/product-market-codes/T15044 606 $aEngine Technology$3https://scigraph.springernature.com/ontologies/product-market-codes/T17048 615 0$aThermodynamics. 615 0$aHeat engineering. 615 0$aHeat$xTransmission. 615 0$aMass transfer. 615 0$aFluid mechanics. 615 0$aEngines. 615 0$aMachinery. 615 14$aEngineering Thermodynamics, Heat and Mass Transfer. 615 24$aEngineering Fluid Dynamics. 615 24$aEngine Technology. 676 $a541.361015118 702 $aDe$b Santanu$4edt$4http://id.loc.gov/vocabulary/relators/edt 702 $aAgarwal$b Avinash Kumar$4edt$4http://id.loc.gov/vocabulary/relators/edt 702 $aChaudhuri$b Swetaprovo$4edt$4http://id.loc.gov/vocabulary/relators/edt 702 $aSen$b Swarnendu$4edt$4http://id.loc.gov/vocabulary/relators/edt 801 0$bMiAaPQ 801 1$bMiAaPQ 801 2$bMiAaPQ 906 $aBOOK 912 $a9910299898303321 996 $aModeling and Simulation of Turbulent Combustion$92525407 997 $aUNINA LEADER 06670nam 22008294a 450 001 9910974777103321 005 20250722194941.0 010 $a0-309-16523-7 010 $a1-282-08325-2 010 $a9786612083259 010 $a0-309-54877-2 035 $a(CKB)1000000000030458 035 $a(EBL)3377990 035 $a(SSID)ssj0000284244 035 $a(PQKBManifestationID)11912577 035 $a(PQKBTitleCode)TC0000284244 035 $a(PQKBWorkID)10261069 035 $a(PQKB)11776786 035 $a(DNLM)101245669 035 $a(MiAaPQ)EBC3377990 035 $a(Au-PeEL)EBL3377990 035 $a(CaPaEBR)ebr10089252 035 $a(OCoLC)923274919 035 $a(BIP)53855737 035 $a(BIP)12209011 035 $a(EXLCZ)991000000000030458 100 $a20050411d2005 uy 0 101 0 $aeng 135 $aurcn||||||||| 181 $ctxt 182 $cc 183 $acr 200 04$aThe smallpox vaccination program $epublic health in an age of terrorism /$fCommittee on Smallpox Vaccination Program Implementation, Board on Health Promotion and Disease Prevention ; Alina Baciu [and others], editors 205 $a1st ed. 210 $aWashington, DC $cNational Academies Press$dc2005 215 $a1 online resource (370 pages) 300 $aSupported by contract no. 200-2000-00629, task order no. 10 between the National Academy of Sciences and the Centers for Disease Control and Prevention. 311 08$aPrint version: Smallpox vaccination program. Washington, DC : National Academies Press, ©2005 (DLC) 2005010062 311 08$a0-309-09592-1 320 $aIncludes bibliographical references and index. 327 $aExecutive Summary -- 1. Smallpox and Smallpox Control in the Historical Context -- 2. Policy Context of Smallpox Preparedness -- 3. The Implementation of the Smallpox Vaccination Program -- 4. Lessons Learned from the Smallpox Vaccination Program -- Appendix A: Recomendations from Letter Reports 1-6 -- Appendix B: Review of the Centers for Disease Control and Prevention's Smallpox Vaccination Program Implementation Letter Report #1 -- Appendix C: Review of the Centers for Disease Control and Prevention's Smallpox Vaccination Program Implementation Letter Report #2 -- Appendix D: Review of the Centers for Disease Control and Prevention's Smallpox Vaccination Program Implementation Letter Report #3 -- Appendix E: Review of the Centers for Disease Control and Prevention's Smallpox Vaccination Program Implementation Letter Report #4 -- Appendix F: Review of the Centers for Disease Control and Prevention's Smallpox Vaccination Program Implementation Letter Report #5 -- Appendix G: Review of the Centers for Disease Control and Prevention's Smallpox Vaccination Program 330 $aDecember 13, 2002, the president of the United States announced that smallpox vaccination would be offered to some categories of civilians and administered to members of the military and government representatives in high-risk areas of the world. The events that precipitated that historic announcement included a series of terrorist attacks during the 1990s, which culminated in the catastrophic events of 2001. Although preparedness for deliberate attacks with biologic weapons was already the subject of much public health planning, meetings, and publications as the twentieth century neared its end, the events of 2001 led to a steep rise in bioterrorism-related government policies and funding, and in state and local preparedness activities, for example, in public health, health care, and the emergency response and public safety communities. The national smallpox vaccination program is but one of many efforts to improve readiness to respond to deliberate releases of biologic agents. The Institute of Medicine (IOM) Committee on Smallpox Vaccination Program Implementation was convened in October 2002 at the request of the Centers for Disease Control and Prevention (CDC), the federal agency charged with implementing the government's policy of providing smallpox vaccine first to public health and health care workers on response teams, then to all interested health care workers and other first responders, and finally to members of the general public who might insist on receiving the vaccine. The committee was charged with providing "advice to the CDC and the program investigators on selected aspects of the smallpox program implementation and evaluation." The committee met six times over 19 months and wrote a series of brief "letter" reports. The Smallpox Vaccination Program: Public Health in an Age of Terrorism constitutes the committee's seventh and final report, and the committee hopes that it will fulfill three purposes: 1) To serve as an archival document that brings together the six reports addressed to Julie Gerberding, director of CDC, and previously released on line and as short, unbound papers; 2) To serve as a historical document that summarizes milestones in the smallpox vaccination program, and ; 3) To comment on the achievement of overall goals of the smallpox vaccination program (in accordance with the last item in the charge), including lessons learned from the program. 606 $aSmallpox$xVaccination$xGovernment policy$zUnited States 606 $aMedical policy 606 $aSmallpox vaccine 606 $aImmunization Programs$xorganization & administration$3(DNLM)D017589Q000458 606 $aSmallpox$xprevention & control$3(DNLM)D012899Q000517 606 $aBioterrorism$xprevention & control$3(DNLM)D023482Q000517 606 $aGovernment Programs$xorganization & administration$3(DNLM)D006078Q000458 606 $aHealth Policy$3(DNLM)D006291 606 $aSmallpox Vaccine$3(DNLM)D012900 607 $aUnited States 615 0$aSmallpox$xVaccination$xGovernment policy 615 0$aMedical policy. 615 0$aSmallpox vaccine. 615 12$aImmunization Programs$xorganization & administration. 615 12$aSmallpox$xprevention & control. 615 22$aBioterrorism$xprevention & control. 615 22$aGovernment Programs$xorganization & administration. 615 22$aHealth Policy. 615 22$aSmallpox Vaccine. 676 $a614.5/21/0973 701 $aBaciu$b Alina$01809957 712 02$aInstitute of Medicine (U.S.).$bBoard on Health Promotion and Disease Prevention 712 02$aInstitute of Medicine (U.S.).$bCommittee on Smallpox Vaccination Program Implementation. 801 0$bMiAaPQ 801 1$bMiAaPQ 801 2$bMiAaPQ 906 $aBOOK 912 $a9910974777103321 996 $aThe smallpox vaccination program$94409238 997 $aUNINA